Biblioteca "Ernesto Sabato"
Facultad de Derecho y Ciencias Sociales
Facultad de Lenguas
Universidad Nacional del Comahue

Vicente López y Planes (Record no. 21665)

MARC details
000 -CABECERA
campo de control de longitud fija 00634caa a22001572a 4500
001 - NÚMERO DE CONTROL
campo de control 015907
003 - IDENTIFICADOR DEL NÚMERO DE CONTROL
campo de control AR-FADEU
008 - DATOS DE LONGITUD FIJA--INFORMACIÓN GENERAL
campo de control de longitud fija 311216n########xxu####################dd
092 ## - ASIGNACIÓN LOCAL DE SIGNATURA TOPOGRÁFICA DEWEY (OCLC)
Número de clasificación A860.1
Número de documento/Ítem C212l
245 ## - MENCIÓN DE TÍTULO
Título Vicente López y Planes
300 ## - DESCRIPCIÓN FÍSICA
Extensión PP. 99-106
500 ## - NOTA GENERAL
Nota general En: La literatura virreinal / Bernardo Canal Feijoo. Buenos Aires : Centro Editor de América Latina, 1967
773 0# - ENLACE AL DOCUMENTO FUENTE/ENTRADA DE REGISTRO ANFITRIÓN
Número bibliográfico anfitrión 6628
Número de ítem anfitrión 4290
Encabezamiento principal Maciel, J. B.
Edición
Lugar, editor y fecha de publicación Buenos Aires
Otro identificador del documento 17
Título La literatura virreinal
Número de control del registro ( AR-FADEU) 000788
Número Internacional Normalizado para Publicaciones Seriadas
Número Internacional Estándar del Libro
773 0# - ENLACE AL DOCUMENTO FUENTE/ENTRADA DE REGISTRO ANFITRIÓN
Número bibliográfico anfitrión 21658
Número de ítem anfitrión 21359
Encabezamiento principal Canal Feijoo, Bernardo
Edición
Lugar, editor y fecha de publicación Buenos Aires
Otro identificador del documento 8579
Título La literatura virreinal
Número de control del registro ( AR-FADEU) 015900
Número Internacional Normalizado para Publicaciones Seriadas
Número Internacional Estándar del Libro
942 ## - ELEMENTOS DE PUNTO DE ACCESO ADICIONAL (KOHA)
Tipo de ítem Koha BDGR

No items available.

Facultad de Derecho y Ciencias Sociales | Universidad Nacional del Comahue | Mendoza y Perú General Roca | Río Negro CP (8332) | Patagonia Argentina | Teléfono: 54-0298-4433670 | | Fax: 0298-4432093 | Fax alumnos: 0298-4435700